10 'Ban' Words Quiz Stats

 Plays Quiz Updated Jul 17, 2017

Support Sporcle.
Go Orange.
Score 0/10 Timer 03:00
3 Plays Today
Question Answer Wrong Answers
A guitar-like instrument with a circular body
covered in front with tightly stretched parchment
Banjo
98.8%
Banerjee
0.4%
Bangle
0.5%
Bandoneon
0.3%
A robber or outlaw belonging to a gang,
typically operating in an isolated/lawless area
Bandit
97%
Bandana
0.6%
Bandoneon
0.3%
Bandy
0.7%
The playful and friendly exchange
of teasing remarks
Banter
94.1%
Banishment
1%
Bankruptcy
0.3%
Bantam
1.9%
Hackneyed or commonplace;
So lacking in originality as to be obvious and boring
Banal
94.1%
Bankrupt
1%
Banging
1.1%
Banjax
2.9%
To send (someone) away from a country or place
as an official punishment
Banish
93.3%
Band
0.9%
Banjax
0.3%
Banderol
0.3%
A long curved fruit with soft pulpy flesh
and yellow skin when ripe
Banana
92.1%
Bandicoot
0.6%
Bandoneon
0.3%
Banyan
1%
A cause of great distress or annoyance;
a person or thing that ruins or spoils
Bane
82.3%
Bang
1.5%
Band
0.4%
Bandicoot
10.7%
To pass from one to another or back and forth;
(of legs) curved outwards so the knees are wide apart
Bandy
76.4%
Banshee
4.8%
Banian
7.8%
Banjax
8.9%
A chicken of a small breed, the male of which
is noted for its aggression
Bantam
61.1%
Banjee
6.1%
Bandoneon
2.4%
Bandicoot
26%
A round, flat loaf, typically unleavened,
prepared by pan-frying
Bannock
44.9%
Banjax
4.8%
Bann
21.7%
Bannet
22.7%

You're not logged in!

Compare scores with friends on all Sporcle quizzes.
OR
Log In
Forgot?

From the Vault

Spot the Difference XVI

by Cutthroat

This quiz really hits the spot.
Remove Ads.
Support Sporcle.
Get the best of Sporcle when you Go Orange. This ad-free experience offers more features, more stats, and more fun while also helping to support Sporcle. Thank you for becoming a member.

Show Comments

Extras

Top Quizzes Today


Score Distribution

Your Account Isn't Verified!

In order to create a playlist on Sporcle, you need to verify the email address you used during registration. Go to your Sporcle Settings to finish the process.

Report this User

Report this user for behavior that violates our Community Guidelines.

Details: